Регионална библиотека "Любен Каравелов" - Русе

Архитектите на Луцифер (Запис номер 168258)

MARC детайли
000 -Лидер
Контролно поле с фиксирана дължина 02334nam a2200457 c 4500
003 - Код на организацията, давaща контролен номер
Контролно поле BLK
005 - Дата и час на последна редакция
Контролно поле 20250517110320.0
008 - Елементи от данни с фиксирана дължина
fixed length control field 180411b bul|||||r ||||||| ||bul||
010 ## - Наследен системен номер
LC control number KNG00176139000
020 ## - Международен стандартен номер на книга ISBN
Международен стандартен номер на книга ISBN 978-954-8517-41-6
-- издат.: ICON - (подв.)
040 ## - Източник на каталожния запис
Идентификатор на билиотеката - собственик на записа BLK
041 ## - Код за език
Код за езика на текст/звукозапис или на отделно заглавие Български
Код за езика КДБФ Български
072 #7 - Код за тематичната категория
Код организация bullib
Код за тематична категория Н00
Текст Общ отдел Н
080 ## - УДК
Текстов определител УДК Организации, асоциации, движения със специални цели и/или области на дейност. Професионални асоциации(Ку-клукс-клан, масони, окултни движения, орден на тамплиерите).
УДК код - определител по УДК 061.23
УДК определител
УДК - код + определител 061.23
080 ## - УДК
Текстов определител УДК Християнски монашески ордени. Манастири. Монаси. Отшелници
УДК код - определител по УДК 27-788
УДК определител
УДК - код + определител 27-788
100 1# - Редна дума - Автор
Автор Маккинси, Доналд
Авторска отговорност първи автор
R(LIN) 91272
139 ## - Редно поле
Редна дума Архитектите на Луцифер
Авторски знак Арх - А 90
245 10 - Сведения за заглавието
Заглавие Архитектите на Луцифер
Подзаглавни данни Тамплиери, масони, илюминати
Редно поле (дума) Доналд Маккинси; прев. от англ. Рая Петрова Йотова; прев. от англ. Красимира Кирова.
257 ## - Страна на издаване
Страна на създаване/издаване Нова Зеландия
260 ## - Област на издателските данни
-- София
Име на издателя, разпространителя и проч. ICON
Година на издаване 2006
Печатница София : УИ Св. Кл. Охридски
300 ## - Физическа характеристика
Страници 456 с.
Илюстрации и др. с ил.
Размери/Мащаб 24 см
380 ## - Жанр
Жанр Общ отдел
490 1# - СЕРИИ (Колекции)
Име на серия Световните конспирации
500 ## - Общи забележки
Забележка Ориг. загл. Architects of the Devil / Donald Maccinsy, Mark Beaten, Scott Knight, David Alen, John Irving. - Индекс.
650 #4 - Допълнително описание по предмет – тема
Основно описание – тема или топоним Масонство
9 (RLIN) 161281
650 #4 - Допълнително описание по предмет – тема
Основно описание – тема или топоним Тамплиери
9 (RLIN) 173143
650 #4 - Допълнително описание по предмет – тема
Основно описание – тема или топоним Религиозни ордени
9 (RLIN) 279209
653 ## - Ключова дума – ненормативна
Ключова дума масони
653 ## - Ключова дума – ненормативна
Ключова дума тамплиери
653 ## - Ключова дума – ненормативна
Ключова дума илюминати
653 ## - Ключова дума – ненормативна
Ключова дума тайни общества
659 ## - Тематичен бюлетин
Тематичен бюлетин Н
700 1# - Други автори (авторска отговорност)
Лично име Йотова, Рая Петрова
Автороска отговорност (Описва отношението между автора и произведението) прев. от англ.
9 (RLIN) 382474
700 1# - Други автори (авторска отговорност)
Лично име Кирова, Красимира
Автороска отговорност (Описва отношението между автора и произведението) прев. от англ.
9 (RLIN) 367890
852 ## - Местоположение
Форматна сигнатура Цб 274481
856 4# - Електронен адрес и достъп
Електронен формат pdf - файл
Път до файла /url/
856 4# - Електронен адрес и достъп
Електронен формат pdf - файл
Път до файла /url/
942 ## - АРТИКУЛИ
Вид на библиотечния материал Книги
Скрит в OPAC Не
Koha issues (borrowed), all copies 6
944 ## - СЪЗДАВАНЕ И РЕДАКЦИЯ на ЗАПИСА
Създаване/Редакция Създаване
Дата на регистрацията/редакция 01.06.2015
Статус, дата на статуса Русанова Ирена
Служител, извършил регистрацията/редакцията 30542
944 ## - СЪЗДАВАНЕ И РЕДАКЦИЯ на ЗАПИСА
Създаване/Редакция Редакция
Дата на регистрацията/редакция 08.07.2015
Статус, дата на статуса ф /
Служител, извършил регистрацията/редакцията Людмила_Стоянова
999 ## - СИСТЕМНИ КОНТРОЛНИ НОМЕРА
Koha biblionumber 168258
Koha biblioitemnumber 168258
Наличности
Код за отписване Код за изгубен артикул Код за повреда Коз за рестрикции Код за отдаване Артикулен № Име на библиотеката - собственик Име на библиотеката, в която се намира в момента Статус (Текущо местоположение) Дата на вписване в системата Местоположение - отдел Цена в лева Инвентарен номер Систематично азбучна сигнатура Баркод Номер на екземпляра Цена в евро Служебна бележка Служебен тип на артикула
  Не е изгубен Не е повреден без рестрикции заемане за дома 283955 Регионална библиотека "Любен Каравелов" Русе Регионална библиотека "Любен Каравелов" Русе Заемна - подръчен фонд 2015-05-28 Заемна - подръчен фонд 20.00 120000788466 П 06/А 90 120000788466 1 10.23 Дост: Pk Вид: Ф N: 432 Дата: 22.05.2015 Дата инв: 01.02.2018 Бележки инв: П2018 Книги
Vip Innovations Ltd, Rousse, Bulgaria 2025